Specification for General Purpose Furnace (GPF) carbon black. (Record no. 73401)
[ view plain ]
| 000 -LEADER | |
|---|---|
| fixed length control field | 00337nam a2200121Ia 4500 |
| 245 #0 - TITLE STATEMENT | |
| Title | Specification for General Purpose Furnace (GPF) carbon black. |
| 260 ## - PUBLICATION, DISTRIBUTION, ETC. (IMPRINT) | |
| Year of publication | 1992 |
| 500 ## - GENERAL NOTE | |
| General note | Standard number: IS 10130 |
| 650 ## - SUBJECT ADDED ENTRY--TOPICAL TERM | |
| Topical Term | Carbon black |
| 650 ## - SUBJECT ADDED ENTRY--TOPICAL TERM | |
| Topical Term | General Purpose Furnace |
| 942 ## - ADDED ENTRY ELEMENTS (KOHA) | |
| Koha item type | Standards |
| Withdrawn status | Lost status | Damaged status | Not for loan | Collection code | Home library | Current library | Date acquired | Koha item type |
|---|---|---|---|---|---|---|---|---|
| Standards | Indian standards | RRII Library | RRII Library | 31/12/2021 | Standards |